| 000 | 00410nam a2200169 4500 | ||
|---|---|---|---|
| 003 | OSt | ||
| 008 | 241005b |||||||| |||| 00| 0 eng d | ||
| 020 | _a9789385366666 | ||
| 041 | _amal | ||
| 082 |
_a894.8123 _bKAK/NA |
||
| 100 |
_aKakknadan _96293 |
||
| 245 | _aNavarasakathakal / | ||
| 260 |
_aThiruvananthapuram : _bChintha Publishers, _c2022. |
||
| 300 | _a110p. | ||
| 650 |
_aStories _96292 |
||
| 942 | _cBK | ||
| 999 |
_c18116 _d18116 |
||